Kronikel bumi (Record no. 117873)

MARC details
000 -LEADER
fixed length control field 00663nam a2200241 i 4500
001 - CONTROL NUMBER
control field C2-0316760
003 - CONTROL NUMBER IDENTIFIER
control field PPAK
005 - DATE AND TIME OF LATEST TRANSACTION
control field 20180728112846.0
008 - FIXED-LENGTH DATA ELEMENTS--GENERAL INFORMATION
fixed length control field 120808s2010 my |||| ||||| | may d
020 ## - INTERNATIONAL STANDARD BOOK NUMBER
International Standard Book Number 9789676124258
040 ## - CATALOGING SOURCE
Original cataloging agency PPAK
Language of cataloging eng
Transcribing agency PPAK
Description conventions rda
082 04 - DEWEY DECIMAL CLASSIFICATION NUMBER
Classification number 899.233
Edition number 23
090 00 - LOCALLY ASSIGNED LC-TYPE CALL NUMBER (OCLC); LOCAL CALL NUMBER (RLIN)
Classification number (OCLC) (R) ; Classification number, CALL (RLIN) (NR) 899.233
Feature heading NUR
Feature heading G
100 0# - MAIN ENTRY--PERSONAL NAME
Personal name Nurul Izwazi Mohd Nor,
Relator term author
245 10 - TITLE STATEMENT
Title Kronikel bumi
264 #1 - PRODUCTION, PUBLICATION, DISTRIBUTION, MANUFACTURE, AND COPYRIGHT NOTICE
Place of production, publication, distribution, manufacture Kuala Lumpur :
Name of producer, publisher, distributor, manufacturer Utusan Publications & Distributors Sdn Bhd ,
Date of production, publication, distribution, manufacture, or copyright notice 2010
300 ## - PHYSICAL DESCRIPTION
Extent 367 pages ;
Dimensions 18 cm
336 ## - CONTENT TYPE
Source rdacontent
Content type term text
337 ## - MEDIA TYPE
Source rdamedia
Media type term unmediated
338 ## - CARRIER TYPE
Source rdacarrier
Carrier type term volume
650 10 - SUBJECT ADDED ENTRY--TOPICAL TERM
Topical term or geographic name entry element Malay fiction.
942 ## - ADDED ENTRY ELEMENTS (KOHA)
-- dc
Koha item type Book
Holdings
Withdrawn Not for loan Current library Shelving location Date acquired Full call number Barcode Date last seen Koha item type Total Checkouts Date last checked out
    Perpustakaan Alor Setar Pinjaman Dewasa 26/08/2012 899.233 NUR A01377721 26/02/2019 Book 2 31/01/2019
    Perpustakaan Awam Sungai Petani Pinjaman Dewasa 26/08/2012 899.233 NUR A01377723 09/05/2018 Book    
    Perpustakaan Baling Pinjaman Dewasa 26/08/2012 899.233 NUR A01377729 09/05/2018 Book    
    Perpustakaan Bandar Baharu Pinjaman Dewasa 26/08/2012 899.233 NUR A01377730 09/05/2018 Book    
    Perpustakaan Jitra Pinjaman Dewasa 26/08/2012 899.233 NUR A01377724 28/01/2023 Book 2 14/01/2023
    Perpustakaan Kulim Pinjaman Dewasa 26/08/2012 899.233 NUR A01377726 09/05/2018 Book    
    Perpustakaan Merbok Pinjaman Dewasa 26/08/2012 899.233 NUR A01377733 09/05/2018 Book    
    Perpustakaan Pendang Pinjaman Dewasa 26/08/2012 899.233 NUR A01377734 09/05/2018 Book    
    Perpustakaan Sik Pinjaman Dewasa 26/08/2012 899.233 NUR A01377728 09/05/2018 Book    
    Perpustakaan Yan Pinjaman Dewasa 26/08/2012 899.233 NUR A01377727 09/05/2018 Book    
    T-PD26, Kg. Lubuk Batu, Jitra Pinjaman Dewasa 26/08/2012 899.233 NUR A01377732 09/05/2018 Book